[Event "AUT-ch U08 Girls"]
[Site "Velden"]
[Date "2014.06.22"]
[Round "7"]
[White "Novak, Nike Katharina Elis"]
[Black "Egger, Sophie"]
[Result "0-1"]
[WhiteElo "821"]
[BlackElo "800"]
[PlyCount "34"]
[EventDate "2014.06.20"]
[EventType "swiss"]
[EventRounds "7"]
[EventCountry "AUT"]
[SourceTitle "EXT 2016"]
[Source "ChessBase"]
[SourceDate "2015.10.08"]
[SourceVersion "1"]
[SourceVersionDate "2015.10.08"]
[SourceQuality "1"]

1. e4 e5 2. Nf3 Nc6 3. Nc3 Bb4 4. Bb5 a6 5. Bxc6 bxc6 6. Na4 Nf6 7. Qe2 0-0 8. 0-0 d6 9. d3 Qe8 10. c3 Bc5 11. d4 Bb6 12. c4 Bg4 13. Qe3 Bxd4 14. Qe2 Rb8 15. Rb1 Qe7 16. a3 Rbc8 17. Nh4 Bxe2 0-1

[Event "AUT-ch U08 Girls"]
[Site "Velden"]
[Date "2014.06.21"]
[Round "6"]
[White "Milanollo, Moana"]
[Black "Egger, Sophie"]
[Result "1/2-1/2"]
[WhiteElo "863"]
[BlackElo "800"]
[PlyCount "184"]
[EventDate "2014.06.20"]
[EventType "swiss"]
[EventRounds "7"]
[EventCountry "AUT"]
[SourceTitle "EXT 2016"]
[Source "ChessBase"]
[SourceDate "2015.10.08"]
[SourceVersion "1"]
[SourceVersionDate "2015.10.08"]
[SourceQuality "1"]

1. e4 e5 2. Nf3 Nc6 3. Bc4 Nf6 4. Nc3 d6 5. d3 Bg4 6. 0-0 Be7 7. h3 Bh5 8. g4 g6 9. gxh5 Nxh5 10. Ne2 Na5 11. Bd2 Nc6 12. b4 0-0 13. b5 Nb8 14. Bh6 Re8 15. b6 g5 16. Bb5 c6 17. Bc4 Qd7 18. Bxg5 Bxg5 19. Nxg5 Qe7 20. Bxf7+ Kh8 21. Bxe8 Qxe8 22. h4 Qe6 23. Nxe6 Nd7 24. Ng5 Nxb6 25. Nf7+ Kg7 26. Ng5 Re8 27. Qd2 Re7 28. Ng3 Nf4 29. Qd1 Na4 30. Nh5+ Kg6 31. Nxf4+ Kg7 32. Nfe6+ Kg8 33. Qh5 Kh8 34. Nf7+ Kg8 35. Qg6+ hxg6 36. Neg5 Nc5 37. Nh6+ Kf8 38. Rfe1 Ke8 39. Re3 b6 40. Rh3 Kd7 41. f3 Kc7 42. h5 Kb7 43. hxg6 Re8 44. g7 Kc8 45. g8Q Rxg8 46. Nxg8 Nd7 47. f4 Kb7 48. f5 c5 49. f6 Kc6 50. f7 Kb7 51. f8Q Nxf8 52. Rf3 Nd7 53. Rf7 Kc7 54. Ne6+ Kc6 55. d4 exd4 56. Nd8+ Kb5 57. Rxd7 Ka6 58. e5 dxe5 59. a4 e4 60. Nb7 e3 61. a5 b5 62. Rd6+ Kxb7 63. a6+ Kc7 64. Rh6 c4 65. Rh7+ Kc6 66. Rf1 d3 67. Rf6+ Kc5 68. Rh5+ Kb4 69. c3+ Kxc3 70. Rf1 e2 71. Re1 d2 72. Kf2 Kc2 73. Rh3 d1Q 74. Rxd1 Kxd1 75. Rh1+ Kd2 76. Re1 c3 77. Rxe2+ Kd3 78. Re3+ Kc4 79. Re4+ Kb3 80. Ke2 c2 81. Kd2 Kb2 82. Re1 b4 83. Rc1 b3 84. Re1 c1Q+ 85. Rxc1 Ka3 86. Ra1+ Kb2 87. Rc1 Ka3 88. Rc3 Kb2 89. Rc1 Ka2 90. Kc3 b2 91. Rh1 b1Q 92. Rxb1 Kxb1 1/2-1/2

[Event "AUT-ch U08 Girls"]
[Site "Velden"]
[Date "2014.06.20"]
[Round "3"]
[White "Egger, Sophie"]
[Black "Beer, Lisa"]
[Result "0-1"]
[WhiteElo "800"]
[BlackElo "850"]
[PlyCount "32"]
[EventDate "2014.06.20"]
[EventType "swiss"]
[EventRounds "7"]
[EventCountry "AUT"]
[SourceTitle "EXT 2016"]
[Source "ChessBase"]
[SourceDate "2015.10.08"]
[SourceVersion "1"]
[SourceVersionDate "2015.10.08"]
[SourceQuality "1"]

1. e4 e5 2. Nf3 Nc6 3. Bb5 Nf6 4. Bxc6 dxc6 5. Nxe5 Nxe4 6. f3 Nf6 7. 0-0 Bd6 8. f4 Bc5+ 9. Kh1 0-0 10. Re1 Nd5 11. g3 Qf6 12. d3 Bh3 13. Rg1 Bxg1 14. Qxg1 Rfe8 15. Be3 Nxe3 16. Nc3 Bg2+ 0-1